| 000 | 01136nam a22003257a 4500 | ||
|---|---|---|---|
| 003 | CHAP | ||
| 005 | 20250613131948.0 | ||
| 008 | 971013s1964 r 00010 d | ||
| 010 | _a10977 | ||
| 011 | _a11949 | ||
| 035 | _a12996 | ||
| 040 | _cCHAP | ||
| 082 | 0 | 0 |
_a338.174774 _bM3 |
| 100 | 0 | 0 |
_aMata Alvarez, Humberto. _972852 |
| 245 | 1 | _aProyección de la piña en Loma Bonita | |
| 260 |
_aMéxico, D. F. : _bEstylo, _c1964 |
||
| 300 |
_a85 p. : _bláms. ; gráfs. |
||
| 590 |
_aBATCH-UPD _b10 _c20130110 _lUCH01 _h0001 |
||
| 590 |
_aBATCH-UPD _b10 _c20130110 _lUCH01 _h1714 |
||
| 590 |
_aBATCH-UPD _b10 _c20130410 _lUCH01 _h1059 |
||
| 590 |
_aBATCH-UPD _b10 _c20130914 _lUCH01 _h1549 |
||
| 590 |
_aCONVERSION _b10 _c20130109 _lUCH01 _h1307 |
||
| 650 | 1 | 4 |
_aOaxaca _xCondiciones económicas. _982476 |
| 650 | 1 | 7 |
_aPiña (Ananas comosus) _xAspectos económicos _xOaxaca _2 _988389 |
| 700 | 0 |
_aGómez González, María de los Angeles. _949721 |
|
| 901 | _aBK | ||
| 942 | _cLIBRO | ||
| 949 |
_a338.174774 M3 _bBC _cLIBRO _d33724000154092 _eLIBRO _h34934 _i12996 _si |
||
| 949 |
_a338.174774 M3 _bBC _cLIBRO _d33724000154183 _eLIBRO _fc.2 _h51675 _i12996 _si |
||
| 999 |
_c10977 _d10977 |
||